Sacred Canopy (Record no. 12887)

MARC details
000 -LEADER
fixed length control field 00633nam a2200241 a 4500
020 ## - INTERNATIONAL STANDARD BOOK NUMBER
ISBN 0385054
082 00 - DEWEY DECIMAL CLASSIFICATION NUMBER
Classification number 306.6
Author Cutter BER
100 ## - MAIN ENTRY--AUTHOR NAME
Author name Berger, Peter L
245 ## - TITLE STATEMENT
Title Sacred Canopy
Sub title Elements of a Sociological Theory of Religion.
260 ## - PUBLICATION, DISTRIBUTION, ETC. (IMPRINT)
Place of publication New York
Name of publisher Doubleday
Year of publication 1967
300 ## - PHYSICAL DESCRIPTION
Number of Pages 229p
500 ## - GENERAL NOTE
General note includes index and biblioraphy
505 2# - FORMATTED CONTENTS NOTE
Formatted contents note Subject Index.
650 ## - SUBJECT ADDED ENTRY--TOPICAL TERM
Topical Term Religion and Sociology
942 ## - ADDED ENTRY ELEMENTS (KOHA)
Koha item type Books
700 1# -
-- Berger, Peter L
Holdings
Collection code Home library Current library Date acquired Cost, normal purchase price Full call number Accession Number Koha item type
  Henry Martyn Institute Library Henry Martyn Institute Library 04/04/2007 284.00 306.6 BER 019645 Books
                   Copyright © 2026 | Henry Martyn Institute | Hyderabad | TS-500052 | INDIA | Implemented by hmi.edu.in
Hit-Count:

Powered by Koha